000 00838nam a2200217Ia 4500
003 GCL
008 140319s9999 xx 000 0 ara d
040 _aGCL /
_cGCL
082 0 4 _a306
_bأ ب
100 1 _aمحمود اسماعيل
245 1 0 _aبين اخلاقيات العرب وذهنيات الغرب :
_bدراسات فى الانثروبولوجيا الاجتماعية والثقافية /
_cمحمود اسماعيل
700 1 _aابراهيم القادرى بوتشيش
250 _aالاولى
260 _aالقاهرة :
_bرؤية للنشر والتوزيع ،
_c2005
300 _a224ص ؛
_c24سم
650 0 4 _aالعلاقات الثقافية
650 0 4 _aالتبادل الثقافى
650 0 4 _aالمثقفون
650 0 4 _aالانثروبولوجيا الثقافية
942 _2ddc
_cBK
999 _c58319
_d58319